Základná škola na sídlisku Juh v Rožňave otvorí svoju bránu aj rodičom budúcich prvákov

Bibliographic Details
Main Author: (zur) (Author)
Format: Article
Language:Slovak
PhysicalDescription:1 foto
Subjects:

MARC

LEADER 00000nab a2200000 a 4500
001 vtls001012194
003 SK-MaSNL
005 20260303041916.0
008 040720e20031208xo 0 slo
035 |a RV12794 
040 |a RVGKPD  |b slo  |c RVGKPD  |e AACR2 
041 0 |a slo 
044 |a xo  |c SK 
080 |a 373.31  |2 1981 
100 0 |a (zur)  |4 aut  |9 872739 
245 1 0 |a Základná škola na sídlisku Juh v Rožňave otvorí svoju bránu aj rodičom budúcich prvákov 
300 |b 1 foto 
610 2 7 |a Základná škola na sídlisku Juh (Rožňava, Slovensko)  |2 RVGKPD  |9 1024016 
611 1 7 |a deň otvorených dverí  |2 RVGKPD  |9 30331 
650 0 7 |a školy základné  |2 RVGKPD  |9 390867 
651 7 |a Rožňava (Slovensko)  |2 RVGKPD  |9 17394 
773 0 8 |t Gemerský denník  |g Roč. 5, č.281, 8.12.2003, s. 1 
852 |a ZVYKNI  |b KIS3GCP 
999 |c 1689670  |d 1691600